header

Strategies for college readers / (Record no. 256410)

MARC details
000 -LEADER
fixed length control field 01078cam a2200337 a 4500
001 - CONTROL NUMBER
control field 17731287
003 - CONTROL NUMBER IDENTIFIER
control field OSt
005 - DATE AND TIME OF LATEST TRANSACTION
control field 20170522122710.0
008 - FIXED-LENGTH DATA ELEMENTS--GENERAL INFORMATION
fixed length control field 130509s2009 nyua 001 0 eng
010 ## - LIBRARY OF CONGRESS CONTROL NUMBER
LC control number 2012533962
015 ## - NATIONAL BIBLIOGRAPHY NUMBER
National bibliography number GBA8A2826
Source bnb
016 7# - NATIONAL BIBLIOGRAPHIC AGENCY CONTROL NUMBER
Record control number 014701965
Source Uk
020 ## - INTERNATIONAL STANDARD BOOK NUMBER
International Standard Book Number 9780321202758 (pbk.)
International Standard Book Number 0321202759 (pbk.)
035 ## - SYSTEM CONTROL NUMBER
System control number (OCoLC)ocn244653484
040 ## - CATALOGING SOURCE
Original cataloging agency UKM
Transcribing agency UKM
Modifying agency BTCTA
-- BAKER
-- B9B
-- DLC
042 ## - AUTHENTICATION CODE
Authentication code lccopycat
050 00 - LIBRARY OF CONGRESS CALL NUMBER
Classification number PE1122
Item number .K74 2009
082 04 - DEWEY DECIMAL CLASSIFICATION NUMBER
Classification number 428.40711
Edition number 22
100 1# - MAIN ENTRY--PERSONAL NAME
Personal name Krieg, Elaine G.
245 10 - TITLE STATEMENT
Title Strategies for college readers /
Statement of responsibility, etc by Elaine G. Krieg.
260 ## - PUBLICATION, DISTRIBUTION, ETC. (IMPRINT)
Place of publication, distribution, etc New York :
Name of publisher, distributor, etc Pearson/Longman,
Date of publication, distribution, etc c2009.
300 ## - PHYSICAL DESCRIPTION
Extent xvii, 555 p. :
Other physical details ill. (some col.) ;
Dimensions 24 cm.
500 ## - GENERAL NOTE
General note Includes index.
650 #0 - SUBJECT ADDED ENTRY--TOPICAL TERM
Topical term or geographic name as entry element Reading (Higher education)
Topical term or geographic name as entry element Reading (Higher education)
Form subdivision Problems, exercises, etc.
Topical term or geographic name as entry element Study skills.
906 ## - LOCAL DATA ELEMENT F, LDF (RLIN)
a 7
b cbc
c copycat
d 3
e ncip
f 20
g y-gencatlg
942 ## - ADDED ENTRY ELEMENTS (KOHA)
Source of classification or shelving scheme Library of Congress Classification
Koha item type Long Loan Books
Holdings
Withdrawn status Lost status Source of classification or shelving scheme Damaged status Not for loan Collection code Home library Current library Shelving location Date acquired Total Checkouts Full call number Barcode Date last seen Price effective from Koha item type
    Library of Congress Classification     Non-fiction Rongo University Library Rongo University Library General Stacks 22/05/2017   PE1122 .K74 2009 201615997X 22/05/2017 22/05/2017 Long Loan Books

© 2026 Rongo University
Contact us: librarian | system librarian | Rongo university